Quiz o Ostrowcu Świętokrzyskim - Statystyki

Ogólne statystyki
  • Ten quiz został rozwiązany 20 razy
  • Średni wynik to 3 z 6
Statystyki odpowiedzi
Hint Odpowiedź % Poprawnych
Województwo, gdzie leży Ostrowiec Świętokrzyski Świętokrzyskie
100%
Tablice rejestracyjne TOS
93%
Ludność (w tysiącach) 61
57%
Prezydent Artur Łakomiec
43%
Prawa miejskie 1613
21%
Powierzchnia 46,43
21%
Nie znaleziono quizów pasujących do podanych kryteriów
Rozkład punktacji
Procent ludzi z każdym wynikiem
Percentyl według liczby udzielonych odpowiedzi
Twoja historia wyników
Nie rozwiązałeś tego quizu